000 00592nam a2200205 a 4500
001 25110
003 CO-ViMGA
008 141112s2004 ck r 000 u spa d
020 _a9786071600035
040 _aCO-ViMGA
_bspa
_cCO-ViMGA
090 _aBURc
100 1 _aBurgos, Estrella
_922659
245 1 0 _a¿Como es tu papá? /
_cEstrella Burgos, ilustraciones Miguel Tanco
260 _aMéxico :
_bFCE,
_c2009
300 _a[32] p. : il. 18 cm.
490 _aOjitos pajaritos; 5
650 1 4 _aLIteratura infantil mexicana
_92461
700 1 _aTanco, Miguel, il.
_938250
942 _2ddc
_cBK
999 _c32740
_d32740